| 000 | 00861nam a22002057a 4500 | ||
|---|---|---|---|
| 999 |
_c18724 _d18724 |
||
| 003 | AR-CdUCM | ||
| 008 | 190515b ||||| |||| 00| 0 spa d | ||
| 040 |
_aMUNICIPALIDAD PROVINCIAL DEL CUSCO _cBIBLIOTECA MUNICIPAL DEL CUSCO |
||
| 082 |
_a334 / _bW26 |
||
| 100 |
_aWarbasse, James P. _939482 |
||
| 245 |
_aMedicina cooperativa : _bLa protección de la salud por el método cooperativo / |
||
| 260 |
_aBuenos Aires : _bInercoop, _c1964. |
||
| 300 |
_a101 páginas ; _c19 cm. |
||
| 440 |
_aCuadernos de cultura cooperativa. _939483 |
||
| 505 | _aContenido : Las reglas de la cooperación -- Economía de la protección de la salud -- Diferentes tipos de servicios médicos -- El principio de pago adelantado -- La función del medico ... | ||
| 650 |
_aEconomía. _9382 |
||
| 650 |
_aEstados Unidos. _91805 |
||
| 942 |
_2ddc _cLIBROS |
||
| 945 |
_arum _d2019-05-15 |
||